[Event "131st YMCA Autumn A"]
[Site "Warszawa"]
[Date "2013.09.20"]
[Round "1"]
[White "Delega, Tomasz"]
[Black "Sanz Losada, Victoriano"]
[Result "1/2-1/2"]
[WhiteElo "2094"]
[BlackElo "2083"]
[PlyCount "88"]
[EventDate "2013.09.20"]
[EventType "tourn"]
[EventRounds "1"]
[EventCountry "POL"]
[SourceDate "2013.09.20"]

1. e4 c5 2. Nf3 d6 3. d4 cxd4 4. Nxd4 Nf6 5. Nc3 g6 6. f4 Bg7 7. e5 dxe5 8.
fxe5 Ng4 9. Bb5+ Nc6 10. Nxc6 Qxd1+ 11. Nxd1 a6 12. Ba4 Bd7 13. h3 Nh6 14. Nxe7
Kxe7 15. Bxd7 Kxd7 16. O-O Ke6 17. Nf2 Rac8 18. c3 Rhd8 19. Bf4 Rc4 20. g3 Nf5
21. Rae1 h6 22. Re4 Rdc8 23. g4 Nh4 24. Rxc4 Rxc4 25. Nd3 g5 26. Bg3 Ng6 27.
Re1 a5 28. Re3 b5 29. a3 Kd5 30. Rf3 Bxe5 31. Nxe5 Nxe5 32. Bxe5 Kxe5 33. Rxf7
b4 34. cxb4 axb4 35. axb4 Rxb4 36. Rf2 Rb3 37. Kg2 Ke4 38. Rc2 Ke5 39. Re2+ Kf4
40. Rf2+ Ke4 41. Rc2 Ke5 42. Rc5+ Ke4 43. Rc4+ Kd5 44. Rc2 Ke5 1/2-1/2

[Event "131st YMCA Autumn A"]
[Site "Warszawa"]
[Date "2013.09.24"]
[Round "1"]
[White "Zurkowski, Andrzej"]
[Black "Nowak, Lukasz"]
[Result "1-0"]
[WhiteElo "2003"]
[BlackElo "2038"]
[PlyCount "79"]
[EventDate "2013.09.20"]
[EventType "tourn"]
[EventRounds "1"]
[EventCountry "POL"]
[SourceDate "2013.09.20"]

1. d4 Nf6 2. Nf3 e6 3. Bg5 h6 4. Bh4 c5 5. c3 b6 6. e3 Bb7 7. Bd3 Be7 8. Nbd2
d5 9. Ne5 O-O 10. O-O Nbd7 11. f4 Rc8 12. Rc1 Rc7 13. Bg3 Ne4 14. Bxe4 dxe4 15.
f5 cxd4 16. fxe6 dxe3 17. exf7+ Kh7 18. Qg4 Nxe5 19. Bxe5 Bg5 20. Bxc7 Qxd2 21.
h4 e2 22. hxg5 exf1=R+ 23. Rxf1 e3 24. gxh6 g6 25. Rf6 Qc2 26. Kh2 e2 27. Rf2
e1=Q 28. Qd4 Kxh6 29. Qh4+ Kg7 30. Qf6+ Kh7 31. Rxc2 Qd1 32. Be5 Qh5+ 33. Kg3
Qh6 34. Rf2 Bd5 35. Rf1 Qe3+ 36. Kg4 Be6+ 37. Qxe6 Qe4+ 38. Kg3 Qe3+ 39. Kh2
Qh6+ 40. Qh3 1-0

[Event "131st YMCA Autumn A"]
[Site "Warszawa"]
[Date "2013.09.20"]
[Round "1"]
[White "Sawicki, Mikolaj"]
[Black "Kubeczko, Grzegorz"]
[Result "0-1"]
[WhiteElo "2004"]
[BlackElo "1999"]
[PlyCount "31"]
[EventDate "2013.09.20"]
[EventType "tourn"]
[EventRounds "1"]
[EventCountry "POL"]
[SourceDate "2013.09.20"]

1. e4 d5 2. e5 c5 3. f4 Nc6 4. d3 h5 5. Nf3 Bg4 6. c3 e6 7. Be2 Nh6 8. Be3 Nf5
9. Bf2 g6 10. Nbd2 Be7 11. h4 b5 12. Ng5 c4 13. Bxg4 hxg4 14. Qxg4 Bxg5 15.
fxg5 Nxe5 16. Qf3 0-1

[Event "131st YMCA Autumn A"]
[Site "Warszawa"]
[Date "2013.09.20"]
[Round "1"]
[White "Liberadzki, Slawomir"]
[Black "Choroszej, Aleksander"]
[Result "1/2-1/2"]
[WhiteElo "2090"]
[BlackElo "2190"]
[PlyCount "63"]
[EventDate "2013.09.20"]
[EventType "tourn"]
[EventRounds "1"]
[EventCountry "POL"]
[SourceDate "2013.09.20"]

1. e4 g6 2. d4 Bg7 3. c3 d5 4. exd5 Qxd5 5. Na3 Nf6 6. Nf3 O-O 7. Bc4 Qe4+ 8.
Be3 Ng4 9. O-O Nxe3 10. Qe2 Bh6 11. Rae1 c5 12. fxe3 cxd4 13. exd4 Qxe2 14.
Rxe2 e6 15. Nb5 Nc6 16. Nc7 Rb8 17. d5 exd5 18. Nxd5 Kg7 19. Ne7 Be6 20. Bxe6
Nxe7 21. Bb3 Nc6 22. Nd4 Nxd4 23. cxd4 Bg5 24. d5 Rbd8 25. Rc2 Rd7 26. Rf3 f5
27. Rd3 Rfd8 28. g3 Bf6 29. Kg2 Be5 30. Re2 Bd6 31. Re6 Re7 32. Rde3 1/2-1/2

[Event "131st YMCA Autumn A"]
[Site "Warszawa"]
[Date "2013.10.10"]
[Round "2"]
[White "Sanz Losada, Victoriano"]
[Black "Choroszej, Aleksander"]
[Result "1-0"]
[WhiteElo "2083"]
[BlackElo "2190"]
[PlyCount "57"]
[EventDate "2013.09.20"]
[EventType "tourn"]
[EventRounds "1"]
[EventCountry "POL"]
[SourceDate "2013.09.20"]

1. d4 g6 2. Nf3 Bg7 3. Bf4 d6 4. c3 Nf6 5. h3 Nbd7 6. Nbd2 O-O 7. e3 c5 8. Qc2
b6 9. O-O-O Bb7 10. h4 Rc8 11. Ng5 cxd4 12. exd4 Nd5 13. Be3 N7f6 14. Be2 a5
15. h5 Nb4 16. Qb3 Bd5 17. Bc4 Qd7 18. Bxd5 Nfxd5 19. Ndf3 a4 20. Qa3 b5 21.
Kd2 Qf5 22. cxb4 Rc2+ 23. Ke1 Rfc8 24. hxg6 hxg6 25. g4 Qxg4 26. Qd3 f6 27.
Qxg6 fxg5 28. Rh7 Kf8 29. Rxg7 1-0

[Event "131st YMCA Autumn A"]
[Site "Warszawa"]
[Date "2013.09.27"]
[Round "2"]
[White "Rozycki, Bartlomiej"]
[Black "Liberadzki, Slawomir"]
[Result "1/2-1/2"]
[WhiteElo "2002"]
[BlackElo "2090"]
[Annotator "Admin"]
[PlyCount "119"]
[EventDate "2013.09.20"]
[EventType "tourn"]
[EventRounds "1"]
[EventCountry "POL"]
[SourceDate "2013.09.20"]

1. d4 e6 2. c4 b6 3. Nc3 Bb7 4. Nf3 Nf6 5. e3 d5 6. Qc2 Be7 7. Bd3 dxc4 8. Bxc4
c5 9. Bb5+ Nbd7 10. Ne5 O-O 11. Nc6 Bxc6 12. Bxc6 Rc8 13. Bf3 cxd4 14. exd4 Nd5
15. Bxd5 exd5 16. Qb3 Nf6 17. O-O Qd6 18. Bg5 Ng4 19. f4 Bxg5 20. Nb5 Qh6 21.
Qg3 Qxh2+ 22. Qxh2 Nxh2 23. Kxh2 Bf6 24. Nxa7 Rc2 25. Nb5 Rxb2 26. Rfb1 Rd2 27.
Rd1 Rb2 28. Rab1 Rxb1 29. Rxb1 h5 30. Nc7 Bxd4 31. Nxd5 Re8 32. Kg3 Kh7 33. a4
Re6 34. Kf3 g6 35. Rb5 Re1 36. g3 Re6 37. a5 $11 bxa5 38. Rxa5 Re1 39. Ra2 Rf1+
40. Kg2 Rg1+ 41. Kf3 Rb1 42. Ke4 Bg1 43. Kf3 Rb5 44. Rd2 Ra5 45. Kg2 Bc5 46.
Kf3 Ra3+ 47. Kg2 Ra4 48. Kf3 Kg7 49. Kg2 Kh6 50. Kf3 Ra3+ 51. Kg2 h4 52. gxh4
Kh5 53. Rc2 Bd6 54. Rc6 Bb8 55. Rf6 Ra5 56. Ne3 Ra3 57. Nc4 Ra4 58. Ne5 Bxe5
59. fxe5 Re4 60. Rxf7 $11 1/2-1/2

[Event "131st YMCA Autumn A"]
[Site "Warszawa"]
[Date "2013.09.27"]
[Round "2"]
[White "Kubeczko, Grzegorz"]
[Black "Malec, Sebastian"]
[Result "0-1"]
[WhiteElo "1999"]
[BlackElo "2161"]
[Annotator "Admin"]
[PlyCount "140"]
[EventDate "2013.09.20"]
[EventType "tourn"]
[EventRounds "1"]
[EventCountry "POL"]
[SourceDate "2013.09.20"]

1. Nf3 Nf6 2. c4 g6 3. g3 Bg7 4. Bg2 O-O 5. Nc3 d6 6. O-O Nc6 7. d3 e5 8. Rb1
h6 9. b4 Qe7 10. b5 Nd8 11. Nd5 Nxd5 12. cxd5 b6 13. d4 Bf5 14. Rb3 e4 15. Ne1
a6 16. a4 axb5 17. axb5 Ra4 18. Nc2 Bd7 19. e3 f5 20. Qe2 Qf7 21. Rb4 Rxb4 22.
Nxb4 Qe8 23. Qc2 Bxb5 24. Qxc7 Bxf1 25. Bxf1 Nf7 26. Nc6 Qa8 27. h4 h5 28. Qxb6
Qa1 29. Qb2 Qxb2 30. Bxb2 Ra8 31. Bc3 Ra2 32. Ne7+ Kh7 33. Bh3 Nh6 34. Bb4 Ra6
35. Nc6 Bf8 36. Ba5 Kg7 37. Bf1 Ra8 38. Be2 Nf7 39. Kf1 $11 Kf6 40. Kg2 Be7 41.
Bb5 Bd8 42. Bxd8+ Nxd8 43. Nxd8 Rxd8 44. Kf1 Rb8 45. Bc6 Ke7 46. Ke2 Kd8 47.
Kd2 Kc7 48. Kc2 Kb6 49. Bd7 Ka5 50. Be6 Rb7 51. Kd2 Kb4 52. Bc8 Ra7 53. Be6 Kc4
54. Ke2 Kc3 55. Bg8 Ra2+ 56. Kf1 Kd2 57. Bf7 Ra1+ 58. Kg2 Ke1 59. Bxg6 Ra2 60.
Bxh5 Rxf2+ 61. Kh3 Kd2 62. Bg6 Kxe3 63. h5 f4 64. g4 f3 65. h6 Ra2 66. h7 f2
67. Kg2 Ra1 68. h8=Q f1=Q+ 69. Kg3 Qf3+ 70. Kh4 Rh1+ 0-1

[Event "131st YMCA Autumn A"]
[Site "Warszawa"]
[Date "2013.10.14"]
[Round "2"]
[White "Szymczak, Rafal"]
[Black "Sawicki, Mikolaj"]
[Result "1/2-1/2"]
[WhiteElo "2086"]
[BlackElo "2004"]
[Annotator "Admin"]
[PlyCount "28"]
[EventDate "2013.09.20"]
[EventType "tourn"]
[EventRounds "1"]
[EventCountry "POL"]
[SourceDate "2013.09.20"]

1. f4 d5 2. Nf3 g6 3. g3 Bg7 4. Bg2 Nf6 5. O-O O-O 6. d3 c5 7. Nc3 d4 8. Na4
Nbd7 9. c4 Rb8 10. Rb1 Qc7 11. b4 b6 12. bxc5 bxc5 13. Rxb8 Qxb8 14. Ba3 Qc7
$11 1/2-1/2

[Event "131st YMCA Autumn A"]
[Site "Warszawa"]
[Date "2013.10.23"]
[Round "2"]
[White "Nowak, Lukasz"]
[Black "Kielar, Maciej"]
[Result "1-0"]
[WhiteElo "2038"]
[BlackElo "2103"]
[PlyCount "53"]
[EventDate "2013.09.20"]
[EventType "tourn"]
[EventRounds "1"]
[EventCountry "POL"]
[SourceDate "2013.09.20"]

1. e4 e6 2. d4 d5 3. Nc3 Nf6 4. e5 Nfd7 5. f4 c5 6. Nf3 Nc6 7. Be3 a6 8. Qd2 b5
9. dxc5 Bxc5 10. Ne2 Bxe3 11. Qxe3 Bb7 12. Ned4 Rc8 13. Bd3 Nc5 14. Nxc6 Nxd3+
15. cxd3 Rxc6 16. Nd4 Qb6 17. Ke2 Rc8 18. Rhc1 O-O 19. g3 g6 20. Nb3 Qd8 21.
Qa7 Rxc1 22. Rxc1 Bc8 23. h4 h6 24. Nd4 Kg7 25. Rc7 Qe8 26. Re7 Qd8 27. Nc6 1-0

[Event "131st YMCA Autumn A"]
[Site "Warszawa"]
[Date "2013.09.27"]
[Round "2"]
[White "Delega, Tomasz"]
[Black "Zurkowski, Andrzej"]
[Result "0-1"]
[WhiteElo "2094"]
[BlackElo "2003"]
[PlyCount "58"]
[EventDate "2013.09.20"]
[EventType "tourn"]
[EventRounds "1"]
[EventCountry "POL"]
[SourceDate "2013.09.20"]

1. e4 c5 2. Nf3 e6 3. d4 cxd4 4. Nxd4 Nf6 5. Nc3 Nc6 6. Nxc6 bxc6 7. e5 Nd5 8.
Ne4 Qc7 9. f4 Qb6 10. c4 Ne3 11. Qd3 Bb4+ 12. Nc3 Nxf1 13. Rxf1 Ba6 14. b3 d5
15. exd6 O-O-O 16. Ke2 Rxd6 17. Na4 Qa5 18. Qe4 f5 19. Qc2 Rhd8 20. Kf3 Rd3+
21. Be3 Bd2 22. b4 Qxb4 23. Rab1 Qxc4 24. Qb2 Bxe3 25. Qb8+ Kd7 26. Rb7+ Bxb7
27. Qxb7+ Ke8 28. Nb2 Qe4+ 29. Kg3 Bf2+ 0-1

[Event "131st YMCA Autumn A"]
[Site "Warszawa"]
[Date "2013.10.04"]
[Round "3"]
[White "Zurkowski, Andrzej"]
[Black "Sanz Losada, Victoriano"]
[Result "1/2-1/2"]
[WhiteElo "2003"]
[BlackElo "2083"]
[Annotator "Admin"]
[PlyCount "137"]
[EventDate "2013.09.20"]
[EventType "tourn"]
[EventRounds "1"]
[EventCountry "POL"]
[SourceDate "2013.09.20"]

1. d4 Nf6 2. Nf3 e6 3. Nbd2 d5 4. e3 b6 5. Bd3 Bb7 6. O-O Nbd7 7. b3 Bd6 8. Bb2
Qe7 9. Ne5 Ba3 10. Bc3 Nxe5 11. dxe5 Nd7 12. Qg4 h5 13. Qa4 a5 14. Bb5 O-O-O
15. Bd4 Qb4 16. Qxb4 Bxb4 17. Nf3 Be7 18. a3 h4 19. Rfc1 c5 20. Bb2 h3 21. Be2
hxg2 22. Kxg2 f6 23. Rg1 Rh5 24. Kf1 fxe5 25. Rxg7 Bf6 26. Rg6 Rf5 27. Ng1 Bh4
28. Nh3 Bxf2 29. Bg4 Bxe3+ 30. Bxf5 exf5 31. Re1 d4 32. Bc1 f4 33. Ng5 Rh8 34.
h3 Bxc1 35. Rxc1 e4 36. Re1 e3 37. Rg7 f3 38. Rc1 Ne5 39. Re7 d3 40. Rxe5 d2
41. Rd1 e2+ 42. Rxe2 fxe2+ 43. Kxe2 $11 Re8+ 44. Kxd2 Rd8+ 45. Kc1 Rxd1+ 46.
Kxd1 Kd7 47. Ke2 Ke7 48. Ke3 Kf6 49. Kf4 Bc8 50. h4 Bf5 51. c3 Bc2 52. b4 cxb4
53. cxb4 axb4 54. axb4 Kg6 55. Ke5 Kh5 $11 56. Kd6 Kxh4 57. Ne6 b5 58. Kc5 Bd3
59. Nd4 Kg5 60. Nxb5 Kf6 61. Nd6 Ke7 62. Nc4 Kd8 63. b5 Bxc4 64. Kxc4 Kc7 65.
Kc5 Kb7 66. b6 Kb8 67. Kc6 Kc8 68. b7+ Kb8 69. Kb6 1/2-1/2

[Event "131st YMCA Autumn A"]
[Site "Warszawa"]
[Date "2013.10.04"]
[Round "3"]
[White "Kielar, Maciej"]
[Black "Delega, Tomasz"]
[Result "1/2-1/2"]
[WhiteElo "2103"]
[BlackElo "2094"]
[Annotator "Admin"]
[PlyCount "87"]
[EventDate "2013.09.20"]
[EventType "tourn"]
[EventRounds "1"]
[EventCountry "POL"]
[SourceDate "2013.09.20"]

1. e4 e5 2. Bc4 Nf6 3. d3 Nc6 4. Nc3 Bb4 5. Bg5 h6 6. Bh4 Na5 7. Nge2 Nxc4 8.
dxc4 Be7 9. Qd3 d6 10. O-O-O g5 11. Bg3 Nh5 12. c5 Bd7 13. Nd5 Nxg3 14. Qxg3
Bf8 15. Nec3 Bg7 16. cxd6 cxd6 17. h4 Rc8 18. Rd3 Kf8 19. Ne3 gxh4 20. Rxh4 Be6
21. Ncd5 Rc6 22. Rh1 Bf6 23. Kb1 Bg5 24. Qf3 Bxe3 25. Qxe3 Bxd5 26. exd5 Rc5
27. Rxh6 Rxh6 28. Qxh6+ Ke7 29. Qh4+ Kd7 30. Qg4+ Ke7 31. b3 b5 32. Rf3 Qh8 33.
Rh3 Qf6 34. Rf3 Qh6 35. Qf5 Qg7 36. Qe4 Qh6 37. Re3 Qh1+ 38. Re1 Qh6 39. f4 Qg6
40. fxe5 Qxe4 41. Rxe4 Rxd5 42. exd6+ Kxd6 43. Kb2 Rg5 44. Re2 $11 1/2-1/2

[Event "131st YMCA Autumn A"]
[Site "Warszawa"]
[Date "2013.10.02"]
[Round "3"]
[White "Sawicki, Mikolaj"]
[Black "Nowak, Lukasz"]
[Result "1/2-1/2"]
[WhiteElo "2004"]
[BlackElo "2038"]
[Annotator "Admin"]
[PlyCount "125"]
[EventDate "2013.09.20"]
[EventType "tourn"]
[EventRounds "1"]
[EventCountry "POL"]
[SourceDate "2013.09.20"]

1. e4 c5 2. Nf3 d6 3. Bb5+ Nd7 4. a4 a6 5. Bc4 Ngf6 6. Qe2 e6 7. O-O Be7 8. Nc3
O-O 9. d4 cxd4 10. Nxd4 Qc7 11. Kh1 d5 12. exd5 Nb6 13. Bb3 Nbxd5 14. Nxd5 exd5
15. h3 Re8 16. Qf3 Be6 17. Re1 Bc5 18. Be3 Rad8 19. Rad1 Ne4 20. Re2 Bd6 21. c3
Qc8 22. Bc2 Bb8 23. Bf4 Bxf4 24. Qxf4 g5 25. Qc1 h6 26. Nxe6 Rxe6 27. Kg1 Qc4
28. Rxe4 Rxe4 29. Bxe4 Qxe4 30. Rd4 Qe6 31. Qd2 Qc6 32. a5 Qc5 33. b4 Qc6 34.
c4 Rd6 35. Rxd5 Rxd5 36. cxd5 Qd6 37. Qd4 Kf8 38. Kf1 Ke7 39. Ke2 Kd7 40. Kd3
Qg6+ 41. Qe4 Qg7 42. Kc4 Qb2 43. Qf5+ Kd6 44. Qxf7 Qc2+ 45. Kd4 Qd2+ 46. Kc4
Qc2+ $11 47. Kd4 Qd2+ 48. Ke4 Qxb4+ 49. Kf5 Qf4+ 50. Kg6 Qxf7+ 51. Kxf7 Kxd5
52. Kg6 b5 53. axb6 Kc6 54. b7 Kxb7 55. Kf5 Kc6 56. Ke4 Kc5 57. h4 g4 58. f4
gxf3 59. Kxf3 a5 60. Ke2 Kd4 61. g4 Ke4 62. g5 hxg5 63. hxg5 1/2-1/2

[Event "131st YMCA Autumn A"]
[Site "Warszawa"]
[Date "2013.10.03"]
[Round "3"]
[White "Malec, Sebastian"]
[Black "Szymczak, Rafal"]
[Result "1-0"]
[WhiteElo "2161"]
[BlackElo "2086"]
[PlyCount "89"]
[EventDate "2013.09.20"]
[EventType "tourn"]
[EventRounds "1"]
[EventCountry "POL"]
[SourceDate "2013.09.20"]

1. d4 f5 2. c4 Nf6 3. Nc3 e6 4. g3 d5 5. Bg2 c6 6. Nf3 Be7 7. Bf4 O-O 8. O-O
Ne4 9. Qc1 Nd7 10. Ne5 Nxe5 11. Bxe5 Nxc3 12. Qxc3 Bf6 13. Rfd1 Bxe5 14. dxe5
Qe7 15. b4 Bd7 16. cxd5 exd5 17. f4 a6 18. Qc5 Qxc5+ 19. bxc5 Rad8 20. Kf2 Kf7
21. Ke3 Ke7 22. Kd4 Bc8 23. e3 g6 24. a4 Rfe8 25. a5 Kd7 26. Bf3 Kc7 27. h3 Be6
28. Rh1 Re7 29. Rag1 Kd7 30. g4 Rf8 31. h4 Ref7 32. h5 Rg8 33. gxf5 Bxf5 34.
Bg4 Ke6 35. hxg6 Rxg6 36. Bxf5+ Rxf5 37. Rxg6+ hxg6 38. Rh6 Kf7 39. Rh7+ Ke6
40. Rxb7 g5 41. Rc7 gxf4 42. Rxc6+ Kd7 43. Rf6 Rxf6 44. exf6 fxe3 45. Kxe3 1-0

[Event "131st YMCA Autumn A"]
[Site "Warszawa"]
[Date "2013.10.14"]
[Round "3"]
[White "Liberadzki, Slawomir"]
[Black "Kubeczko, Grzegorz"]
[Result "1-0"]
[WhiteElo "2090"]
[BlackElo "1999"]
[PlyCount "37"]
[EventDate "2013.09.20"]
[EventType "tourn"]
[EventRounds "1"]
[EventCountry "POL"]
[SourceDate "2013.09.20"]

1. d4 Nf6 2. c4 c5 3. d5 b5 4. e3 Bb7 5. Nc3 b4 6. Nce2 e6 7. dxe6 fxe6 8. Nf3
Be7 9. b3 O-O 10. Bb2 Nc6 11. Nf4 a5 12. Bd3 a4 13. bxa4 Qa5 14. O-O Qxa4 15.
Bc2 Qa6 16. Qd3 e5 17. Ng5 Na5 18. Bxe5 Qxc4 19. Qxh7+ 1-0

[Event "131st YMCA Autumn A"]
[Site "Warszawa"]
[Date "2013.10.02"]
[Round "3"]
[White "Choroszej, Aleksander"]
[Black "Rozycki, Bartlomiej"]
[Result "1/2-1/2"]
[WhiteElo "2190"]
[BlackElo "2002"]
[Annotator "Admin"]
[PlyCount "78"]
[EventDate "2013.09.20"]
[EventType "tourn"]
[EventRounds "1"]
[EventCountry "POL"]
[SourceDate "2013.09.20"]

1. d4 Nf6 2. c4 e6 3. Nc3 Bb4 4. f3 c5 5. d5 d6 6. e4 O-O 7. Bd3 exd5 8. cxd5
Nbd7 9. Nge2 Ne5 10. Be3 Nxd3+ 11. Qxd3 a6 12. a3 Ba5 13. O-O b5 14. b4 Bb6 15.
bxc5 dxc5 16. Rfd1 Re8 17. Kh1 c4 18. Qd2 Bxe3 19. Qxe3 Qd6 20. Qd4 Rb8 21. f4
Ng4 22. h3 Nh6 23. e5 Qg6 24. Ne4 Nf5 25. Qf2 Bb7 26. N2c3 Red8 27. g4 Ne7 28.
Nd6 a5 29. Nxb7 Rxb7 30. d6 Nc8 31. Qg2 Rb8 32. Nd5 b4 33. axb4 axb4 34. Rdc1
Qd3 35. Rd1 Qb3 36. Qe4 Qxh3+ 37. Kg1 Qxg4+ 38. Kf2 Qh4+ 39. Kg2 Qg4+ $11
1/2-1/2

[Event "131st YMCA Autumn A"]
[Site "Warszawa"]
[Date "2013.10.11"]
[Round "4"]
[White "Sanz Losada, Victoriano"]
[Black "Rozycki, Bartlomiej"]
[Result "1/2-1/2"]
[WhiteElo "2083"]
[BlackElo "2002"]
[Annotator "Admin"]
[PlyCount "65"]
[EventDate "2013.09.20"]
[EventType "tourn"]
[EventRounds "1"]
[EventCountry "POL"]
[SourceDate "2013.09.20"]

1. d4 Nf6 2. c4 e6 3. Nf3 Bb4+ 4. Nbd2 b6 5. e3 Bb7 6. a3 Bxd2+ 7. Bxd2 Ne4 8.
Bd3 Nxd2 9. Qxd2 f5 10. Qc2 d6 11. e4 O-O 12. exf5 exf5 13. d5 Re8+ 14. Kd2 g6
15. Rae1 Nd7 16. Rxe8+ Qxe8 17. Re1 Qf8 18. Kc1 Re8 19. Rxe8 Qxe8 20. Qe2 Kf8
21. Qxe8+ Kxe8 22. Nd4 a5 23. Kd2 Nf6 24. Be2 Kd7 25. Bf3 Ke7 26. Ke3 Bc8 27.
h4 Nd7 28. b3 Ne5 29. a4 Bd7 30. Be2 Kf6 31. f3 h6 32. g3 g5 33. f4 $11 1/2-1/2

[Event "131st YMCA Autumn A"]
[Site "Warszawa"]
[Date "2013.10.11"]
[Round "4"]
[White "Kubeczko, Grzegorz"]
[Black "Choroszej, Aleksander"]
[Result "1/2-1/2"]
[WhiteElo "1999"]
[BlackElo "2190"]
[Annotator "Admin"]
[PlyCount "76"]
[EventDate "2013.09.20"]
[EventType "tourn"]
[EventRounds "1"]
[EventCountry "POL"]
[SourceDate "2013.09.20"]

1. c4 g6 2. g3 Bg7 3. Bg2 d6 4. Nc3 c5 5. e4 Nc6 6. Nge2 e5 7. d3 Nge7 8. O-O
O-O 9. h3 a6 10. Rb1 b5 11. cxb5 axb5 12. Nxb5 Ba6 13. Nec3 Qb6 14. a4 Nd4 15.
Nxd4 exd4 16. Ne2 c4 17. dxc4 Bxc4 18. b4 Qa6 19. Re1 d3 20. Nf4 Qxa4 21. e5
dxe5 22. Bxa8 Qxa8 23. b5 Nf5 24. b6 Qb7 25. Nxd3 Nd4 26. Nc5 Nf3+ 27. Kh1 Qc6
28. Re4 Qxc5 29. Rxc4 Qxc4 30. Qxf3 Qc2 31. Qb3 Qxf2 32. Ba3 Qf5 33. Bxf8 Qe4+
34. Kh2 Qe2+ 35. Kg1 Bxf8 36. Rc1 Bc5+ 37. Rxc5 Qe1+ 38. Kg2 Qe2+ $11 1/2-1/2

[Event "131st YMCA Autumn A"]
[Site "Warszawa"]
[Date "2013.10.05"]
[Round "4"]
[White "Nowak, Lukasz"]
[Black "Malec, Sebastian"]
[Result "1/2-1/2"]
[WhiteElo "2038"]
[BlackElo "2161"]
[PlyCount "44"]
[EventDate "2013.09.20"]
[EventType "tourn"]
[EventRounds "1"]
[EventCountry "POL"]
[SourceDate "2013.09.20"]

1. e4 c5 2. Nf3 d6 3. d4 cxd4 4. Nxd4 Nf6 5. Nc3 a6 6. Be2 e5 7. Nb3 Be7 8. O-O
Be6 9. Be3 Nbd7 10. Qd3 Nc5 11. Nxc5 dxc5 12. Rfd1 Qc7 13. Nd5 Nxd5 14. exd5
Rd8 15. Qb3 Bc8 16. f4 O-O 17. Rf1 Bd6 18. f5 e4 19. g3 Bxg3 20. hxg3 Qxg3+ 21.
Kh1 Qh3+ 22. Kg1 Qg3+ 1/2-1/2

[Event "131st YMCA Autumn A"]
[Site "Warszawa"]
[Date "2013.10.11"]
[Round "4"]
[White "Delega, Tomasz"]
[Black "Sawicki, Mikolaj"]
[Result "1-0"]
[WhiteElo "2094"]
[BlackElo "2004"]
[PlyCount "89"]
[EventDate "2013.09.20"]
[EventType "tourn"]
[EventRounds "1"]
[EventCountry "POL"]
[SourceDate "2013.09.20"]

1. e4 c5 2. Nf3 d6 3. d4 cxd4 4. Nxd4 Nf6 5. Nc3 g6 6. f4 Nc6 7. Nxc6 bxc6 8.
Qf3 Qc7 9. Bd3 Bg7 10. Bd2 Rb8 11. b3 O-O 12. O-O Ba6 13. Rac1 Nd7 14. Ne2 Bxd3
15. cxd3 Qb6+ 16. Kh1 c5 17. Bc3 Bxc3 18. Nxc3 e6 19. f5 d5 20. f6 d4 21. Na4
Qd6 22. Qh3 Rfc8 23. Rf3 Rc6 24. Rcf1 h5 25. Qh4 Kf8 26. Qg5 Ke8 27. Nb2 Ne5
28. R3f2 Ra6 29. h3 Kd7 30. Rc1 Rb4 31. Rfc2 Ra5 32. Qh6 Rb8 33. Nc4 Nxc4 34.
Rxc4 e5 35. Qd2 Rab5 36. Qc2 Ke6 37. a4 Rxb3 38. Rxc5 R8b6 39. Qc4+ Kxf6 40. a5
R6b4 41. Rf1+ Kg5 42. Qc1+ Kh4 43. Qe1+ Kg5 44. Qd2+ Kh4 45. Kh2 1-0

[Event "131st YMCA Autumn A"]
[Site "Warszawa"]
[Date "2013.10.09"]
[Round "4"]
[White "Zurkowski, Andrzej"]
[Black "Kielar, Maciej"]
[Result "1-0"]
[WhiteElo "2003"]
[BlackElo "2103"]
[Annotator "Admin"]
[PlyCount "61"]
[EventDate "2013.09.20"]
[EventType "tourn"]
[EventRounds "1"]
[EventCountry "POL"]
[SourceDate "2013.09.20"]

1. d4 Nf6 2. c4 g6 3. Nc3 Bg7 4. e4 d6 5. f4 O-O 6. Nf3 c5 7. d5 e6 8. Be2 exd5
9. exd5 Bg4 10. O-O Nbd7 11. Bd3 Re8 12. h3 Bxf3 $11 13. Qxf3 Nh5 14. g4 Bd4+
15. Kh1 Ng7 16. Nb5 Qb6 17. Nxd4 cxd4 18. Qf2 f5 19. b3 Nf6 20. gxf5 Nxf5 21.
Bxf5 gxf5 22. Rg1+ Kh8 23. Bb2 Re4 24. Qh4 Rf8 25. Rg6 Qd8 26. Rag1 Ng4 27. Rg5
Rxf4 28. hxg4 Qf6 29. Rg8+ Kxg8 30. gxf5+ Kf7 31. Qxf4 1-0

[Event "131st YMCA Autumn A"]
[Site "Warszawa"]
[Date "2013.10.07"]
[Round "5"]
[White "Kielar, Maciej"]
[Black "Sanz Losada, Victoriano"]
[Result "1-0"]
[WhiteElo "2103"]
[BlackElo "2083"]
[PlyCount "55"]
[EventDate "2013.09.20"]
[EventType "tourn"]
[EventRounds "1"]
[EventCountry "POL"]
[SourceDate "2013.09.20"]

1. e4 c5 2. Nf3 d6 3. d4 cxd4 4. Nxd4 Nf6 5. Nc3 g6 6. Be3 Bg7 7. Bc4 O-O 8. f3
Nc6 9. Qd2 Bd7 10. g4 Rc8 11. Bb3 Ne5 12. h4 Nc4 13. Bxc4 Rxc4 14. O-O-O Qa5
15. Nb3 Qa6 16. Bh6 Rfc8 17. Bxg7 Kxg7 18. Kb1 b5 19. e5 Nxg4 20. exd6 Nf6 21.
dxe7 b4 22. Ne4 Bf5 23. Nd4 Bxe4 24. fxe4 Nxe4 25. Qf4 Qb7 26. Qe5+ f6 27. Ne6+
Kg8 28. Rd8+ 1-0

[Event "131st YMCA Autumn A"]
[Site "Warszawa"]
[Date "2013.10.18"]
[Round "5"]
[White "Sawicki, Mikolaj"]
[Black "Zurkowski, Andrzej"]
[Result "0-1"]
[WhiteElo "2004"]
[BlackElo "2003"]
[PlyCount "62"]
[EventDate "2013.09.20"]
[EventType "tourn"]
[EventRounds "1"]
[EventCountry "POL"]
[SourceDate "2013.09.20"]

1. e4 d5 2. exd5 Nf6 3. Nc3 Nxd5 4. Bc4 Nxc3 5. Qf3 e6 6. dxc3 Be7 7. Bf4 O-O
8. Qg3 Bd6 9. O-O-O Bxf4+ 10. Qxf4 Qe7 11. Nf3 Nc6 12. Rhe1 Rb8 13. h4 f6 14.
h5 b5 15. Bd5 Rb6 16. Qg3 Qf7 17. Be4 e5 18. Nh4 Ne7 19. Ng6 Re8 20. f4 hxg6
21. hxg6 Qxa2 22. Qh4 Be6 23. fxe5 Bc4 24. Rd7 Kf8 25. Qh8+ Bg8 26. b3 Qa3+ 27.
Kd2 Qc5 28. exf6 Rxf6 29. Bd5 Qf2+ 30. Kd1 Qxe1+ 31. Kxe1 Nxg6+ 0-1

[Event "131st YMCA Autumn A"]
[Site "Warszawa"]
[Date "2013.10.18"]
[Round "5"]
[White "Malec, Sebastian"]
[Black "Delega, Tomasz"]
[Result "1-0"]
[WhiteElo "2161"]
[BlackElo "2094"]
[PlyCount "69"]
[EventDate "2013.09.20"]
[EventType "tourn"]
[EventRounds "1"]
[EventCountry "POL"]
[SourceDate "2013.09.20"]

1. e4 e5 2. Nf3 Nc6 3. Bb5 Nf6 4. d3 d6 5. c3 g6 6. O-O Bg7 7. d4 Bd7 8. Re1
O-O 9. a4 Re8 10. Nbd2 a6 11. Bc4 Na5 12. Ba2 c5 13. b4 cxb4 14. cxb4 Nc6 15.
Ng5 Rf8 16. dxe5 dxe5 17. Nc4 Ne8 18. Nb6 Bg4 19. Qxg4 Qxb6 20. Qd7 Nxb4 21.
Bxf7+ Kh8 22. Be3 Nf6 23. Qe7 Qa5 24. Bd2 Nc6 25. Qxf8+ Rxf8 26. Bxa5 Nxa5 27.
Bd5 Nxd5 28. exd5 Bf6 29. Ne4 Bg7 30. Rab1 Rd8 31. Rec1 Bf8 32. Nc5 Rxd5 33.
Ne6 Kg8 34. Rc8 Kf7 35. Nxf8 1-0